Občianska výchova pre poľnohospodárske majstrovské školy

Bibliographic Details
Main Authors: Dlask, Miroslav (Author), Petrášek, Vladimír (Author), Urban, Josef (Author)
Other Authors: Zlatovský, Jozef (Translator)
Format: Book
Language:Slovak
Czech
PhysicalDescription:218, [3] s. 8°
Published: Bratislava Slovenské pedagogické nakladateľstvo 1961
Subjects:

MARC

LEADER 00000nam a2200000 a 4500
001 vtls008340210
003 SK-MaSNL
005 20260301044923.0
008 230403s1961 xo slo
015 |a SNBA1961/11-02331 
035 |a SK01SNK19610032427 
035 |a urn:nbn:sk:snk-amlq66 
035 |a urn:nbn:sk:snk-am00c24g 
035 |a F46A9BD4-220B-4CF4-8318-A31BB2D807DB 
035 |a SKM000034890 
040 |a SNK  |b slo  |c SNK  |e AACR2 
041 1 |a slo  |h cze 
044 |a xo  |c SK 
080 |a 37.017(075.3)  |2 1981 
100 1 |a Dlask, Miroslav  |4 aut  |9 326504 
245 1 0 |a Občianska výchova pre poľnohospodárske majstrovské školy  |c sprac.: Miroslav Dlask, Vladimír Petrášek a Josef Urban ; [z čes. orig.] do slov. prel.Jozef Zlatovský 
260 |a Bratislava  |b Slovenské pedagogické nakladateľstvo  |c 1961  |e Trnava  |f Polygrafické závody 
300 |a 218, [3] s.  |c 8° 
500 |a Ilustr. Tb. Fot. Mp. Grafy. Pl. Frontispice 
563 |a 2200 výtl. 
650 0 7 |a náuka o spoločnosti  |2 SNKPH  |9 67462 
655 7 |a učebnice  |2 SNKPH  |9 22521 
700 1 |a Petrášek, Vladimír  |4 aut  |9 352135 
700 1 |a Urban, Josef  |4 aut  |9 279708 
700 1 |a Zlatovský, Jozef  |4 trl  |9 352136 
852 |a Slovenská národná knižnica 
954 |a odborná, vedecká literatúra cudzojazyčná (svetová)  |2 lita 
958 |a OND 
958 |a TL 
958 |a RK 
958 |a OP 
958 |a UC 
958 |a CZ 
958 |a EUIPO 
999 |c 597113  |d 599043 
952 |a SNK  |b SNK  |y PREZ  |7 0  |p 17A0708575  |o snkSD 20651  |i snkKSP 4739/61  |0 0  |1 0  |4 0  |d 2011-08-25  |f 1  |l 0  |r 2025-12-04 00:00:00  |w 2026-02-23